00974nam a22002657a 450000500170000001000130001702000260003003500130005603700160006904000120008508200130009710000310011024501360014126000350027727000450031230000340035750000490039165000210044065000200046170000330048170000240051494200220053899900190056095201290057920170124110222.0 aB-167660 c395.00a9788120327276 aB-167660 bCen Lib/Ret aDPLbEN a621bPAU aPaul, Akshoy Ranjan920402 aMechanical sciences :bengineering thermodynamics and fluid mechanics /cby Akshoy Ranjan Paul;Sanchayan Mukherjee [and] Pijush Roy aNew DelhibPrentice Hallc2005 aM-97,Connaught CircusbNew Delhie110001 axvi, 587p. :c22cm(pbk)bill. aIncludes bibliographical reference and index aMechanics919941 a Applied940025 aMukherjee, Sanchayan 920405 aRoy, Pijush 920406 2ddccENh621mPAU c134187d134187 001040718REFaLbLd2015-07-29eCen Lib/Retg395.00l0o621 PAUpB-167660r2015-07-29 00:00:00t1v395.00w2015-07-29yEN